Dynamics in one complex variable
Uloženo v:
| Hlavní autor: | |
|---|---|
| Médium: | Kniha |
| Jazyk: | angličtina |
| Vydáno: |
Princeton
Princeton University
2006
|
| Vydání: | 3a. ed |
| Edice: | Annals of Mathematic Studies, 160
|
| Témata: | |
| Tagy: |
Přidat tag
Žádné tagy, Buďte první, kdo vytvoří štítek k tomuto záznamu!
|
MARC
| LEADER | 00000nam a2200000 a 4500 | ||
|---|---|---|---|
| 001 | UCG6229 | ||
| 003 | CL-VaPUC | ||
| 008 | 110414e20060000us |||||||||||||||||eng|d | ||
| 020 | |a 9780691124889 | ||
| 082 | 0 | 4 | |a 515.93 |b MIL |2 21 |
| 100 | |a Milnor, John Willard |e autor |9 566577 | ||
| 245 | 1 | 0 | |a Dynamics in one complex variable |
| 250 | |a 3a. ed | ||
| 300 | |a 304 p | ||
| 942 | |c BK | ||
| 945 | |d 20110414 00:00:00 |a dcastane | ||
| 260 | |a Princeton |b Princeton University |c 2006 | ||
| 650 | 0 | |a Sistemas dinámicos |9 260496 | |
| 650 | 0 | |a Variables complejas |9 581247 | |
| 650 | 0 | |a Funciones |9 263869 | |
| 583 | |a last modification |c 20171205 02:52:56 |k Rodrigo Vera | ||
| 490 | 0 | |a Annals of Mathematic Studies, 160 | |
| 999 | |c 344503 |d 344501 | ||
| 952 | |0 0 |1 0 |4 0 |6 515_930000000000000_MIL_2006 |7 0 |8 A |9 442502 |a BIBMAT |b BIBMAT |d 2019-11-22 |i 476613K |l 3 |m 8 |o 515.93 MIL 2006 |p 476613K |r 2025-01-07 |s 2024-10-22 |w 2019-11-22 |y BK |k MAT | ||